00322nam a2200121Ia 4500008004100000040001600041041001200057082001500069100003000084245004300114260002800157300001500185230917s9999||||xx |||||||||||||| ||und|| e58664aMAIN aEnglish a380.1 L64T aLinder, Staffan Burenstam 0aTrade and trade policy for development aLondonbPall Mallc1967 axi, 179 p.